| 000 | 00874nam a2200277Ia 4500 | ||
|---|---|---|---|
| 003 | OSt | ||
| 005 | 20220927120103.0 | ||
| 006 | a|||||r|||| 00| 0 | ||
| 007 | ta | ||
| 008 | 220926b |||||||| |||| 00| 0 eng d | ||
| 020 | _a8980630523 | ||
| 024 | _a5153 | ||
| 037 | _cReference Collections | ||
| 040 |
_aRTL _cRTL _beng |
||
| 041 |
_2eng _aeng |
||
| 082 | _a"Y.4.N9, N8/UN" | ||
| 110 | _aUnited Nation Development Programme | ||
| 245 | 0 | _aSocial implications of the Asian financial crisis. | |
| 260 |
_aKorea _bK D I _c1998 |
||
| 300 |
_a"xxii,504p." _ccm. |
||
| 490 | _aEconomic Development Management in Asia and Pacific Joint Policy Studies; 9 | ||
| 650 | _aSociology | ||
| 700 | _aUnited Nation Development Programme | ||
| 942 |
_h"Y.4.N9, N8/UN" _cCC |
||
| 999 |
_c707306 _d707306 |
||